000 00800na a2200265 4500
001 23793
003 MIRAKIL
005 20181213155320.0
008 171229b tu 000 0
020 _a9756134100
040 _aMilas
_btur
_cTR-AnCHP
041 _atur
082 _a331.79
_bK29k 2005
090 _a331.79 K29k 2005
100 _aKaymakçıoğlu, Fatih
245 _aKamu yönetiminde uluslararası tahkim ve enerji politikaları
_cFatih Kaymakçıoğlu
260 _aAnkara
_bParagraf Yayınevi
_c2005
_fBaşkent Repro-Ofset
300 _a179 s.
_c21 sm.
440 _aParagraf yayınları
_v11
490 _aİnceleme-Araştırma Dizisi
_v03
504 _aKaynakça var.
650 _aTahkim, uluslararası
650 _aEnerji politikaları
_xTürkiye
942 _2ddc
_cBKS
999 _c10402
_d10402